Kraj w 3 literach - Statystyki

Ogólne statystyki
  • Ten quiz został rozwiązany 948 razy
    945 od ostatniego zresetowania
  • Średni wynik to 18 z 20
Statystyki odpowiedzi
3 litery Kraj % Poprawnych
ROS Rosja
99%
EST Estonia
97%
FRA Francja
96%
NOR Norwegia
96%
ALG Algieria
95%
JAM Jamajka
95%
ŁOT Łotwa
95%
URU Urugwaj
95%
WIE Wielka Brytania
94%
ETI Etiopia
92%
WEN Wenezuela
91%
WAT Watykan
90%
KUW Kuwejt
89%
PAN Panama
89%
ZIM Zimbabwe
89%
KAT Katar
85%
GWA Gwatemala
84%
FID Fidżi
83%
ERY Erytrea
80%
SUR Surinam
74%
Nie znaleziono quizów pasujących do podanych kryteriów
Rozkład punktacji
Procent ludzi z każdym wynikiem
Percentyl według liczby udzielonych odpowiedzi
Twoja historia wyników
Nie rozwiązałeś tego quizu od ostatniego zresetowania